| 000 | 00784nam a22002417a 4500 | ||
|---|---|---|---|
| 999 |
_c12384 _d12384 |
||
| 003 | AR-CdUCM | ||
| 008 | 190408b ||||| |||| 00| 0 spa d | ||
| 020 | _a0-02-974380-X | ||
| 040 |
_aMUNICIPALIDAD PROVINCIAL DEL CUSCO _cBIBLIOTECA MUNICIPAL DEL CUSCO |
||
| 082 |
_aES / 428 / _bM13 |
||
| 100 |
_aMacmillan, Collier _930207 |
||
| 245 |
_aNew English 900 : _bBook 2 / |
||
| 260 |
_aLondon : _bMacmillan Publishing, _c1978. |
||
| 300 |
_a150 paginas ; _bIlustraciones, Graficos, Dibujos, _c21 cm. |
||
| 500 | _aTexto educativo en ingles | ||
| 650 |
_aTexto educativo _925832 |
||
| 650 |
_aIngles _97365 |
||
| 650 |
_aCuaderno de trabajo _911620 |
||
| 700 |
_aIntrator, Peggy _930208 |
||
| 700 |
_aLanzano, Michael R. _930209 |
||
| 942 |
_2ddc _cLIBROS |
||
| 945 |
_apjha _d2019-04-08 |
||